Statistics for 20 Highest Mountain Peaks in Nevada

Click here to take the quiz!

General Stats

  • This quiz has been taken 20 times
  • The average score is 6 of 20

Answer Stats

RankElevation (Ft)LocationAnswer% Correct
113,146White MountainsBoundary Peak
83%
1011,392Ruby MountainsRuby Dome
83%
1311,305Wassuk RangeMount Grant
67%
213,065Snake RangeWheeler Peak
67%
711,778Toiyabe RangeArc Dome
50%
511,916Spring MountainsCharleston Peak
50%
411,946Toquima RangeMount Jefferson
50%
611,895Schell Creek RangeNorth Schell Peak
50%
911,477Toiyabe RangeBunker Hill
33%
1211,311East Humboldt RangeHole in the Mountain Peak
33%
312,072Snake RangeMount Moriah
33%
1111,366Toiyabe RangeToiyabe Dome
17%
1511,090Toiyabe RangeAiken Peak
0%
811,518White Pine RangeCurrant Mountain
0%
1610,997Schell Creek RangeMount Grafton
0%
2010,852Ruby MountainsPearl Peak
0%
1810,912Toquima RangeShoshone Mountain
0%
1910,894Monitor RangeTable Mountain
0%
1411,302Grant RangeTroy Peak
0%
1710,941Egan RangeWard Mountain
0%

Score Distribution

Percentile by Number Answered

Percent of People with Each Score

Your Score History

You have not taken this quiz